| 000 | 00836cam a22002655a 4500 | ||
|---|---|---|---|
| 001 | 4991055 | ||
| 005 | 20161024123039.0 | ||
| 008 | 981215t1998 caua frb 000 0 eng d | ||
| 020 | _a9781885705020 | ||
| 040 |
_aDLC _cDLC _beng _dEG-ScBUE |
||
| 082 | 0 | 4 |
_a155.26 _222 _bKEI |
| 100 | 1 | _aKeirsey, David. | |
| 245 | 1 | 0 |
_aPlease understand me II : _btemperament, character, intelligence / _cDavid Keirsey. |
| 246 | 3 | _aPlease understand me 2 | |
| 246 | 3 | _aPlease understand me two | |
| 250 | _a1st ed. | ||
| 260 |
_aDel Mar : _bPrometheus Nemesis, _cc.1998. |
||
| 300 |
_a350 p. : _bill. ; _c23 cm. |
||
| 500 | _aRev. ed. of: Please understand me. 3rd ed. c1978. | ||
| 504 | _aBibliography : p. 343-345. | ||
| 650 | 7 |
_aTypology (Psychology) _2BUEsh |
|
| 650 | 0 |
_aTemperament. _2BUEsh |
|
| 653 |
_bENGGEN _cOctober2016 |
||
| 942 | _2ddc | ||
| 999 |
_c22822 _d22794 |
||